home page   АИС "Историко-культурное наследие Беларуси"
  Базовый | Расширенный | Профессиональный | Словарь персоналий | Тематический словарь | По видам объектов История запросов  Заказы    Регистрация

Запись в MARC-формате

копировать MARC-запись

=LDR  00000nx\\c2200205\\\45\\
=001  BY-NLB-ar2927468
=005  20160330095631.5
=100  \\$a20081127arusy50\\\\\\ca0
=152  \\$apsbo
=160  \\$ae-bw
=215  \\$aКостел Святого архангела Михаила (Воропаево, городской поселок; Поставский район)
=300  1\$aПроизведение архитектуры постнеоготического стиля. Построен в 1991–1996 гг.
=356  \\$aНаходится в г. п. Воропаево Поставского района Витебской области.
=415  \\$aКостел Святого Михаила (Воропаево, городской поселок; Поставский район)
=415  \\$aКостел Святого Михаила Архангела (Воропаево, городской район; Поставский район)
=801  \0$aBY$bBY-HM0000$c20081127
=810  \\$aКаталіцкія храмы Беларусі / А. М. Кулагін. — Мінск, 2008.
=810  \\$aПершы помнік святому Айцу Бенэдыкту XVI [Выяўленчы матэрыял] : з нагоды 10-годдзя Віцебскай дыяцэзіі : [каляндар 2009]. ― Мінск, 2008. (19Н//1060(008))
=999  \\$f2786$t20081127

Чтобы вернуться назад, щелкните кнопку BACK на Вашем браузере